<?xml version="1.0" encoding="UTF-8"?>
<record
    xmlns:xsi="http://www.w3.org/2001/XMLSchema-instance"
    xsi:schemaLocation="http://www.loc.gov/MARC21/slim http://www.loc.gov/standards/marcxml/schema/MARC21slim.xsd"
    xmlns="http://www.loc.gov/MARC21/slim">

  <leader>01334nam a22001697a 4500</leader>
  <controlfield tag="003">SGT</controlfield>
  <datafield tag="020" ind1=" " ind2=" ">
    <subfield code="a">9789332548954</subfield>
  </datafield>
  <datafield tag="082" ind1=" " ind2=" ">
    <subfield code="a">658.4012 WHE</subfield>
  </datafield>
  <datafield tag="100" ind1=" " ind2=" ">
    <subfield code="a">WHEELEN,THOMAS L</subfield>
  </datafield>
  <datafield tag="245" ind1=" " ind2=" ">
    <subfield code="a">CONCEPTS IN STRATEGIC MANAGEMENT AND BUSINESS POLICY: GLOBALIZATION, INNOVATION, AND SUSTAINABILITY</subfield>
  </datafield>
  <datafield tag="250" ind1=" " ind2=" ">
    <subfield code="a">14TH</subfield>
  </datafield>
  <datafield tag="260" ind1=" " ind2=" ">
    <subfield code="a">NEW DELHI</subfield>
    <subfield code="b">PEARSON</subfield>
    <subfield code="c">2016</subfield>
  </datafield>
  <datafield tag="300" ind1=" " ind2=" ">
    <subfield code="a">387</subfield>
  </datafield>
  <datafield tag="650" ind1=" " ind2=" ">
    <subfield code="a">STRATEGIC MANAGEMENT AND BUSINESS POLICY</subfield>
  </datafield>
  <datafield tag="653" ind1=" " ind2=" ">
    <subfield code="a">PART ONE Introduction to Strategic Management and Business Policy  CHAPTER 1 Basic Concepts of Strategic Management  CHAPTER 2 Corporate Governance  CHAPTER 3 Social Responsibility and Ethics in Strategic Management PART TWO Scanning the Environment  CHAPTER 4 Environmental Scanning and Industry Analysis CHAPTER 5 Internal Scanning: Organizational Analysis PART THREE Strategy Formulation CHAPTER 6 Strategy Formulation: Situation Analysis and Business Strategy  CHAPTER 7 Strategy Formulation: Corporate Strategy  CHAPTER 8 Strategy Formulation: Functional Strategy and Strategic Choice PART FOUR Strategy Implementation and Control  CHAPTER 9 Strategy Implementation: Organizing for Action  CHAPTER 10 Strategy Implementation: Staffing and Directing  CHAPTER 11 Evaluation and Control PART FIVE Introduction to Case Analysis  CHAPTER 12 Suggestions for Case Analysis </subfield>
  </datafield>
  <datafield tag="942" ind1=" " ind2=" ">
    <subfield code="2">ddc</subfield>
    <subfield code="c">FCM</subfield>
    <subfield code="0">7</subfield>
  </datafield>
  <datafield tag="952" ind1=" " ind2=" ">
    <subfield code="0">0</subfield>
    <subfield code="1">0</subfield>
    <subfield code="2">ddc</subfield>
    <subfield code="4">0</subfield>
    <subfield code="7">1</subfield>
    <subfield code="8">CM</subfield>
    <subfield code="a">SSSL</subfield>
    <subfield code="b">SSSL</subfield>
    <subfield code="c">REF</subfield>
    <subfield code="d">2017-01-28</subfield>
    <subfield code="e">INDIAN PUBLISHERS &amp; DISTRIBUTORS</subfield>
    <subfield code="g">575.00</subfield>
    <subfield code="i">SGTU</subfield>
    <subfield code="o">658.4012 WHE</subfield>
    <subfield code="p">CM3277</subfield>
    <subfield code="r">2017-01-28 00:00:00</subfield>
    <subfield code="w">2016-12-20</subfield>
    <subfield code="y">FCM</subfield>
    <subfield code="k">117</subfield>
  </datafield>
  <datafield tag="952" ind1=" " ind2=" ">
    <subfield code="0">0</subfield>
    <subfield code="1">0</subfield>
    <subfield code="2">ddc</subfield>
    <subfield code="4">0</subfield>
    <subfield code="7">0</subfield>
    <subfield code="8">CM</subfield>
    <subfield code="a">SSSL</subfield>
    <subfield code="b">SSSL</subfield>
    <subfield code="c">DISPLAY</subfield>
    <subfield code="d">2017-01-28</subfield>
    <subfield code="e">INDIAN PUBLISHERS &amp; DISTRIBUTORS</subfield>
    <subfield code="g">575.00</subfield>
    <subfield code="i">SGTU</subfield>
    <subfield code="l">0</subfield>
    <subfield code="o">658.4012 WHE</subfield>
    <subfield code="p">CM3278</subfield>
    <subfield code="r">2017-01-28 00:00:00</subfield>
    <subfield code="w">2016-12-20</subfield>
    <subfield code="y">FCM</subfield>
    <subfield code="k">117</subfield>
  </datafield>
  <datafield tag="952" ind1=" " ind2=" ">
    <subfield code="0">0</subfield>
    <subfield code="1">0</subfield>
    <subfield code="2">ddc</subfield>
    <subfield code="4">0</subfield>
    <subfield code="7">0</subfield>
    <subfield code="8">CM</subfield>
    <subfield code="a">SSSL</subfield>
    <subfield code="b">SSSL</subfield>
    <subfield code="c">DISPLAY</subfield>
    <subfield code="d">2017-01-28</subfield>
    <subfield code="e">INDIAN PUBLISHERS &amp; DISTRIBUTORS</subfield>
    <subfield code="g">575.00</subfield>
    <subfield code="i">SGTU</subfield>
    <subfield code="l">0</subfield>
    <subfield code="o">658.4012 WHE</subfield>
    <subfield code="p">CM3279</subfield>
    <subfield code="r">2017-01-28 00:00:00</subfield>
    <subfield code="w">2016-12-20</subfield>
    <subfield code="y">FCM</subfield>
    <subfield code="k">117</subfield>
  </datafield>
  <datafield tag="952" ind1=" " ind2=" ">
    <subfield code="0">0</subfield>
    <subfield code="1">0</subfield>
    <subfield code="2">ddc</subfield>
    <subfield code="4">0</subfield>
    <subfield code="7">0</subfield>
    <subfield code="8">CM</subfield>
    <subfield code="a">SSSL</subfield>
    <subfield code="b">SSSL</subfield>
    <subfield code="c">DISPLAY</subfield>
    <subfield code="d">2017-01-28</subfield>
    <subfield code="e">INDIAN PUBLISHERS &amp; DISTRIBUTORS</subfield>
    <subfield code="g">575.00</subfield>
    <subfield code="i">SGTU</subfield>
    <subfield code="l">2</subfield>
    <subfield code="o">658.4012 WHE</subfield>
    <subfield code="p">CM3280</subfield>
    <subfield code="r">2023-09-18 00:00:00</subfield>
    <subfield code="s">2023-09-09</subfield>
    <subfield code="w">2016-12-20</subfield>
    <subfield code="y">FCM</subfield>
    <subfield code="k">117</subfield>
  </datafield>
  <datafield tag="952" ind1=" " ind2=" ">
    <subfield code="0">0</subfield>
    <subfield code="1">0</subfield>
    <subfield code="2">ddc</subfield>
    <subfield code="4">0</subfield>
    <subfield code="7">0</subfield>
    <subfield code="8">CM</subfield>
    <subfield code="a">SSSL</subfield>
    <subfield code="b">SSSL</subfield>
    <subfield code="c">DISPLAY</subfield>
    <subfield code="d">2017-01-28</subfield>
    <subfield code="e">INDIAN PUBLISHERS &amp; DISTRIBUTORS</subfield>
    <subfield code="g">575.00</subfield>
    <subfield code="i">SGTU</subfield>
    <subfield code="l">4</subfield>
    <subfield code="o">658.4012 WHE</subfield>
    <subfield code="p">CM3281</subfield>
    <subfield code="r">2023-12-11 00:00:00</subfield>
    <subfield code="s">2023-12-05</subfield>
    <subfield code="w">2016-12-20</subfield>
    <subfield code="y">FCM</subfield>
    <subfield code="k">117</subfield>
  </datafield>
  <datafield tag="952" ind1=" " ind2=" ">
    <subfield code="0">0</subfield>
    <subfield code="1">0</subfield>
    <subfield code="2">ddc</subfield>
    <subfield code="4">0</subfield>
    <subfield code="7">0</subfield>
    <subfield code="8">CM</subfield>
    <subfield code="a">SSSL</subfield>
    <subfield code="b">SSSL</subfield>
    <subfield code="c">DISPLAY</subfield>
    <subfield code="d">2017-01-28</subfield>
    <subfield code="e">INDIAN PUBLISHERS &amp; DISTRIBUTORS</subfield>
    <subfield code="g">575.00</subfield>
    <subfield code="i">SGTU</subfield>
    <subfield code="l">3</subfield>
    <subfield code="o">658.4012 WHE</subfield>
    <subfield code="p">CM3282</subfield>
    <subfield code="r">2025-01-04 00:00:00</subfield>
    <subfield code="s">2024-12-24</subfield>
    <subfield code="w">2016-12-20</subfield>
    <subfield code="y">FCM</subfield>
    <subfield code="k">117</subfield>
  </datafield>
  <datafield tag="999" ind1=" " ind2=" ">
    <subfield code="c">10640</subfield>
    <subfield code="d">10640</subfield>
  </datafield>
</record>
